| 000 | 00000nam##2200000za#4500 |
| 001 | 9.644658 |
| 003 | CaOODSP |
| 005 | 20200330144512 |
| 007 | ta |
| 008 | 150407|1993||||xxc||||| f|0| 0 eng|d |
| 020 | |a0-660-14818-8 |
| 040 | |aCaOODSP|beng |
| 043 | |an-cn--- |
| 086 | 1 |aA53-1892/1993E |
| 110 | 1 |aCanada.|bAgriculture Canada.|bResearch Branch. |
| 245 | 10|aPollen grains of Canadian honey plants / |cby Clifford W. Crompton and Walter A. Wotjas. |
| 260 | |aOttawa - Ontario : |bAgriculture Canada. |c1993. |
| 300 | |av, 228p. : |bfigs., references ; |c22 cm. |
| 563 | |aSoftcover |
| 590 | |a93-48|b1993-12-03 |
| 690 | 07|aPlants|2gcpds |
| 720 | 1 |aCrompton, Clifford W. |
| 720 | 1 |aWojtas, Walter A. |
| 776 | 0#|tPollen grains of Canadian honey plants / |w(CaOODSP)9.700476 |
| 986 | |aPublication 1892/E |